Majstrovstvá Slovenska z guľových zbraní

Bibliographic Details
Main Author: Vasek, František (Author)
Format: Article
Language:Slovak
PhysicalDescription:Fotogr.
ISSN:1335-5740
Subjects:

MARC

LEADER 00000nab a2200000 ar4500
001 vtls008955009
003 SK-MaSNL
005 20260305032257.0
008 250505c2006 xo |||||||||||000 b|slo
015 |a SNBRB2007/03  |2 snkbucl 
035 |a (uuid)ab963006-61ef-486c-833e-8a00b2f7cebe 
035 |a urn:nbn:sk:snk-ab24k0 
035 |a (urnnbn)urn:nbn:sk:snk:ar-a01lit 
038 |a SNKBUCL 
040 |a SNKBUCL  |b slo  |c SNKBUCL  |e AACR2 
041 0 |a slo 
044 |a xo  |c SK 
080 |a 799.311.093.1  |x (437.6)  |2 1997 
100 1 |a Vasek, František  |4 aut  |9 26321 
245 1 0 |a Majstrovstvá Slovenska z guľových zbraní  |c pripravil: František Vasek 
300 |b Fotogr. 
611 2 7 |a Majstrovstvá Slovenska v streľbe z guľových zbraní  |d (2006 :  |c Domaniža, Slovensko)  |2 snkbucl  |9 1611409 
650 0 7 |a športová streľba  |2 snkbucl  |9 29098 
650 0 7 |a guľové zbrane  |2 snkbucl  |9 1051004 
651 7 |a Domaniža (Slovensko)  |2 snkbucl  |9 83776 
651 7 |a Považská Bystrica (Slovensko : okres)  |2 snkbucl  |9 51831 
773 0 |t Zbrane, strelci a lovci  |g Roč. VII, č. 6 (2006), s. 77-78  |x 1335-5740 
850 |a Slovenská národná knižnica 
852 |a Slovenská národná knižnica 
954 |a odborná, vedecká literatúra pôvodná (slovenská)  |2 lita 
958 |a article27 
958 |a SK 
958 |a OND 
958 |a EUIPO 
999 |c 3319421  |d 3321351